Architecture fantastique

Wedi'i Gadw mewn:
Manylion Llyfryddiaeth
Prif Awduron: Conrads, Ulrich (Awdur), Sperlich, Hans G (Awdur)
Fformat: Llyfr
Iaith:Ffrangeg
Cyhoeddwyd: Stuttgart Delpire 1960
Pynciau:
Tagiau: Ychwanegu Tag
Dim Tagiau, Byddwch y cyntaf i dagio'r cofnod hwn!

MARC

LEADER 00000nam a2200000 a 4500
001 UCT2714
003 CL-VaPUC
008 961011e19600000GW |||||||||||||||||fre|d
082 0 4 |a 724  |b CON  |2 21 
100 0 |a Conrads, Ulrich  |e author  |9 371707 
700 0 |a Sperlich, Hans G  |e author  |9 371708 
245 1 0 |a Architecture fantastique 
300 |a 175 p 
942 |c BK 
945 |d 19961011 00:00:00  |a nastorga 
260 |a Stuttgart  |b Delpire  |c 1960 
650 0 |a Arquitectura  |9 804558 
650 0 |a Diseño arquitectónico   |9 265271 
650 0 |a Ingeniería de la construcción  |9 337989 
650 7 |a OPERACIONES DE CONSTRUCCION  |2 CL-VaPUC  |9 347463 
650 0 |a Edificios   |9 260501 
650 0 |a Monumentos  |9 265246 
650 0 |a Bellas artes  |9 334299 
583 |a last modification  |c 19961011 00:00:00  |k Rodrigo Vera 
999 |c 252694  |d 252692 
952 |0 0  |1 0  |4 0  |6 724_000000000000000_CON_1960  |7 0  |8 P  |9 272731  |a BIBARQ  |b BIBARQ  |d 2019-11-19  |i 3238024  |o 724 CON 1960  |p 3238024  |r 2025-01-20  |w 2019-11-19  |y BK  |k ARQ